Nová identita Zemplínskej Šíravy - vybrané aspekty

Gespeichert in:
Bibliographische Detailangaben
1. Verfasser: Janičová, Marieta (Verfasst von)
Weitere Verfasser: Paňák, Pavel (Betreuung Doktorarbeit)
Format: Manuskript Buch
Sprache:Slowakisch
Veröffentlicht: Bratislava 2019
Schlagworte:
Online-Zugang:http://is.stuba.sk/zp/portal_zp.pl?podrobnosti=146722
Tags: Tag hinzufügen
Keine Tags, Fügen Sie das erste Tag hinzu!

MARC

LEADER 00000ntm a22000003a 4500
001 stuzp73970
003 SK-STU
005 20200910111149.1
007 ta
008 150427s2015----xo-----f-mn---000-0-slo-d
040 |a STU  |b slo 
041 0 |a slo 
100 1 |a Janičová, Marieta  |u 050000  |k Z4  |4 aut  |T FAD Fakulta architektúry  |X 65254  |U A  |Y 50  |7 65254 
242 0 1 |a New identity of Zemplínska Šírava - selected aspects  |y eng 
245 1 0 |a Nová identita Zemplínskej Šíravy - vybrané aspekty 
260 |c 2019  |a Bratislava 
650 4 |a Zemplínska šírava  |2 slo 
650 4 |a nová identita  |2 slo 
650 4 |a manuál tvorby  |2 slo 
650 4 |a Zemplínska šírava  |2 eng 
650 4 |a new identity  |2 eng 
650 4 |a design manual  |2 eng 
700 1 |a Paňák, Pavel  |u 051110  |k Z1  |4 ths  |U FAD Fakulta architektúry  |T FA Ústav architektúry obytných budov  |X 70322  |U A1110  |Y 392  |7 A000070322 
856 4 |u http://is.stuba.sk/zp/portal_zp.pl?podrobnosti=146722  |u https://opac.crzp.sk/?fn=detailBiblioForm&sid=9F8942B94996237AAAFE19F666DC